[Event "HCL-B245"]
[Site "www.playchess.de"]
[Date "2001.04.25"]
[Round "9"]
[White "roofus"]
[Black "SAROS"]
[WhiteElo "1237"]
[BlackElo "1278"]
[PlyCount "55"]
[Result "1-0"]

1.e4 c6 2.d4 e6 3.e5 d6 4.Bf4 dxe5 5.Bxe5 Bd6 
6.Nf3 f6 7.Bxd6 Qxd6 8.Bc4 Nd7 9.O-O Ne7 10.Nc3 b5 
11.Ne4 Qc7 12.Bxe6 Nb6 13.Nc5 Nd7 14.Qe2 Nxc5 
15.dxc5 Bxe6 16.h3 Bc4 17.Qe4 Bxf1 18.Kxf1 O-O 
19.Nd4 Rae8 20.Ne6 Ng6 21.Re1 Qh2 22.Qxc6 Kf7 
23.Qd7+ Re7 24.Nd8+ Kg8 25.Rxe7 Nxe7 26.Qe6+ Kh8 
27.Qxe7 Qb8 28.Qxf8+ 1-0

[Event "ACL-A127"]
[Site "www.playchess.de"]
[Date "2001.04.25"]
[Round "22"]
[White "jalal"]
[Black "DIG"]
[WhiteElo "1500"]
[BlackElo "1743"]
[PlyCount "104"]
[Result "0-1"]

1.e4 e6 2.d4 d5 3.e5 c5 4.c3 Nc6 5.Nf3 Qb6 6.a3 a5 
7.Be2 Nh6 8.O-O cxd4 9.cxd4 Nf5 10.Nc3 Nfxd4 
11.Nxd4 Qxd4 12.Qxd4 Nxd4 13.Bd2 Nxe2+ 14.Nxe2 b6 
15.Rfc1 Bc5 16.b4 axb4 17.axb4 Rxa1 18.Rxa1 Be7 
19.Ra7 f6 20.f4 fxe5 21.fxe5 Rf8 22.Nd4 Rf7 23.Nc6 
Bf8 24.Rxf7 Kxf7 25.Kf2 Ba6 26.g3 Bc4 27.Nd4 b5 
28.Kf3 Ke7 29.Kf4 Kd7 30.h4 Be7 31.Kf3 Bd8 32.Kf4 
Bb6 33.Nf3 d4 34.Ng5 h6 35.Ne4 Kc6 36.Nd6 Kd5 
37.Ne8 d3 38.Nxg7 Bd4 39.Nh5 Bxe5+ 40.Kf3 Bb3 
41.Nf4+ Bxf4 42.Kxf4 Kd4 43.g4 e5+ 44.Kg3 e4 
45.Kf2 Be6 46.g5 hxg5 47.hxg5 Bf5 48.Be3+ Kc3 
49.Ke1 Kxb4 50.Kd2 Kb3 51.Bf4 b4 52.Kc1 
Ka2 0-1

[Event "HCL-B252"]
[Site "www.playchess.de"]
[Date "2001.04.25"]
[Round "8"]
[White "patharp"]
[Black "Wiemi"]
[WhiteElo "1180"]
[BlackElo "1500"]
[PlyCount "52"]
[Result "0-1"]

1.e4 c5 {Hallo}  2.Nf3 a6 3.g3 Nc6 4.Bg2 d6 5.d3 
Nf6 6.Nc3 e6 {How do you do?}  7.O-O 
{sorry.pleased to meet you.}  Be7 {Where ars you 
from.}  8.b3 O-O {What is your job???}  9.Bb2 Qc7 
10.Qe2 d5 11.Nd1 d4 12.h3 e5 13.Nh2 Bd6 14.f3 Nh5 
15.Qe1 f5 16.g4 fxg4 17.fxg4 Rxf1+ {Hey}  18.Nxf1 
Nf4 19.Ng3 g6 20.Ne2 Be6 21.Bc1 Rf8 22.Nxf4 exf4 
23.Bf3 Ne5 24.Qe2 Qe7 25.Kg2 h5 26.Kh1 
Qh4 0-1

[Event "HCL-A116"]
[Site "www.playchess.de"]
[Date "2001.04.25"]
[Round "33"]
[White "teenspirit"]
[Black "Chapo"]
[WhiteElo "1637"]
[BlackElo "1985"]
[PlyCount "42"]
[Result "0-1"]

1.d4 Nf6 2.Nf3 {Hi}  b6 3.c4 Bb7 4.g3 d5 5.Bg2 e6 
6.O-O Be7 7.Nc3 Nbd7 8.Bf4 c5 9.Nb5 O-O 10.Rc1 
dxc4 11.Rxc4 Ne8 12.Qd3 a6 13.Na3 b5 14.Rcc1 c4 
15.Qc2 Nef6 16.Rfd1 Be4 17.Qd2 c3 18.Qe3 cxb2 
19.Rcb1 Qa5 20.Ng5 Bxg2 21.Kxg2 
Qxa3 0-1

[Event "HCL-C259"]
[Site "www.playchess.de"]
[Date "2001.04.25"]
[Round "10"]
[White "Trickster"]
[Black "larryo"]
[WhiteElo "881"]
[BlackElo "1100"]
[PlyCount "40"]
[Result "0-1"]

1.d4 d5 2.Nc3 Nf6 3.Bf4 Nc6 4.Nb5 e5 5.Be3 Be7 
6.dxe5 Nxe5 7.Bxa7 b6 8.Nf3 O-O 9.Nxe5 Bd7 10.Nxd7 
Qxd7 11.c4 Bb4+ 12.Nc3 Bxc3+ 13.Qd2 Bxd2+ 14.Kxd2 
dxc4+ 15.Kc3 Ne4+ 16.Kb4 Rxa7 17.Kxc4 Rd8 18.e3 
Qc6+ 19.Kb3 Nd2+ 20.Kb4 Ra4+ 0-1

[Event "HCL-C259"]
[Site "www.playchess.de"]
[Date "2001.04.25"]
[Round "33"]
[White "Unsui"]
[Black "larryo"]
[WhiteElo "199"]
[BlackElo "1100"]
[PlyCount "48"]
[Result "0-1"]

1.e4 e5 2.Nf3 d6 3.Bc4 f5 4.d3 Nc6 5.Ng5 Nh6 6.Nc3 
f4 7.h4 Bd7 8.Ne6 Bxe6 9.Bxe6 Nd4 10.g4 Nxe6 
11.Qe2 Nd4 12.Qd1 Qd7 13.g5 Nf7 14.Nd5 O-O-O 15.c3 
Nc6 16.d4 g6 17.b4 h6 18.Rg1 hxg5 19.Nf6 Qh3 
20.Qg4+ Qxg4 21.Rxg4 Rxh4 22.Bd2 Bg7 23.Rxh4 gxh4 
24.O-O-O Bxf6 0-1

[Event "HCL-C266"]
[Site "www.playchess.de"]
[Date "2001.04.25"]
[Round "15"]
[White "Flunki"]
[Black "patzyman"]
[WhiteElo "1000"]
[BlackElo "1000"]
[PlyCount "70"]
[Result "0-1"]

1.e4 e5 2.Nf3 Nc6 3.Nc3 Bc5 4.Bc4 Nf6 5.d3 d6 
6.Bg5 h6 7.Bxf6 Qxf6 8.Nd5 Qd8 9.O-O Ne7 10.b4 Bb6 
11.c3 Nxd5 12.Bxd5 c6 13.Qa4 Bd7 14.d4 cxd5 15.Qc2 
dxe4 16.Qxe4 Bc6 17.d5 Bd7 18.Nxe5 dxe5 19.Qxe5+ 
Kf8 20.Rfe1 Bc7 21.d6 Bb6 22.Re4 Qf6 23.Qg3 Re8 
24.Rxe8+ Bxe8 25.d7 Bxd7 26.Re1 Bxf2+ 27.Qxf2 
Qxf2+ 28.Kxf2 Be6 29.a4 Ke7 30.c4 Kd6 31.Rd1+ Kc7 
32.c5 Rd8 33.Rxd8 Kxd8 34.b5 b6 35.c6 
Bb3 0-1

[Event "HCL-E037"]
[Site "www.playchess.de"]
[Date "2001.04.25"]
[Round "10"]
[White "suffix"]
[Black "chessnut"]
[WhiteElo "1939"]
[BlackElo "2120"]
[PlyCount "44"]
[Result "1/2-1/2"]

1.d4 {Hi again !}  Nf6 {Nice to play you again!}  
2.Bf4 {thanks...}  g6 3.Nc3 Bg7 4.Qd2 d5 5.f3 b6 
6.e4 dxe4 7.fxe4 Bb7 8.e5 Nd5 9.Bc4 Nxc3 10.bxc3 
Bd5 11.Bb3 a5 12.Nh3 a4 13.Bxd5 Qxd5 14.O-O c5 
15.Bh6 O-O 16.Bxg7 Kxg7 17.Qd3 {sorry(offtopic), 
why P1902 give move whith you and dont give move 
whith me ? (sorry for my English)}  cxd4 18.Nf4 
Qxe5 19.Rae1 Qc7 20.Ne6+ fxe6 21.Rxf8 Kxf8 22.Qf3+ 
Kg7 1/2-1/2

[Event "HCL-B268"]
[Site "www.playchess.de"]
[Date "2001.04.25"]
[Round "16"]
[White "Matu"]
[Black "Gyr"]
[WhiteElo "1563"]
[BlackElo "1589"]
[PlyCount "54"]
[Result "1/2-1/2"]

1.Nf3 d5 2.b3 c5 3.e3 Nf6 4.Bb2 e6 5.c4 Nc6 6.cxd5 
exd5 7.d4 Bf5 8.Bd3 Bxd3 9.Qxd3 cxd4 10.Nxd4 Bb4+ 
11.Nc3 Ne4 12.Nxc6 bxc6 13.O-O Bxc3 14.Bxc3 Nc5 
15.Qe2 O-O 16.Rac1 Ne6 17.Bb4 Re8 18.Rxc6 Nd4 
19.Qa6 Nxc6 20.Qxc6 Qb6 21.Qxb6 axb6 22.a4 Rac8 
23.a5 bxa5 24.Bxa5 Rc2 25.b4 Re7 26.Bb6 f5 27.g3 
Kf7 1/2-1/2

[Event "HCL-A121"]
[Site "www.playchess.de"]
[Date "2001.04.25"]
[Round "6"]
[White "ggaarrii"]
[Black "Eaglewingz"]
[WhiteElo "1283"]
[BlackElo "1535"]
[PlyCount "64"]
[Result "0-1"]

1.e4 {Hi and good luck!}  e5 {Hi. Thanks, luck to 
you too!}  2.Nf3 Nf6 3.Nxe5 d6 4.Nf3 Nxe4 5.d4 d5 
6.Bd3 {American playing Russian :)}  Bd6 {Funny, 
since I'm Dutch/Hungarian descent...I do play the 
Dutch Stonewall, tho...8-)}  7.O-O O-O {.}  8.c4 
{,}  c6 9.Re1 Re8 10.Nc3 Nxc3 11.Rxe8+ Qxe8 
12.bxc3 dxc4 13.Bxc4 Bg4 14.Bd2 Nd7 15.Bd3 Nf6 
16.Bg5 Ne4 17.Be3 Nxc3 18.Bxh7+ Kh8 19.Qd3 Bxf3 
20.gxf3 Ne2+ 21.Qxe2 Kxh7 22.f4 Kg8 {Seems a 
little early...}  23.Qg4 {We are about the same 
strenth so it's time to draw if you don't want to 
risk.Ok we'll fight!}  Qe7 {aahh, what's a little 
risk?}  24.h4 Re8 25.h5 Qe6 26.f5 Qe4 27.Qh3 Bf4 
28.Re1 Qc2 29.Rc1 Rxe3 30.fxe3 {Congratulations! 
Very nice move!}  Qxc1+ {Thanx...I'd been looking 
at a possible xchange sac there if your Q had 
moved...}  31.Kf2 Qd2+ 32.Kf1 Qxe3 0-1

[Event "HCL-C272"]
[Site "www.playchess.de"]
[Date "2001.04.25"]
[Round "3"]
[White "bigworm_13"]
[Black "k_a_n_i_b_a_l"]
[WhiteElo "1000"]
[BlackElo "1000"]
[PlyCount "88"]
[Result "0-1"]

1.b3 d5 2.Ba3 Nf6 3.e3 g6 4.Nf3 Bg7 5.Ne5 O-O 6.h4 
Nbd7 7.Nf3 Nh5 8.Nc3 Re8 9.Bd3 Ne5 10.Bb5 c6 
11.Bf1 Bg4 12.Be2 Nd7 13.Ng5 Bxe2 14.Qxe2 h6 
15.Nh3 e5 16.Qf3 e4 17.Qe2 Ne5 18.Na4 Nd3+ 19.cxd3 
Bxa1 20.Nc5 exd3 21.Qf3 b6 22.Nxd3 Bf6 23.g3 c5 
24.g4 Ng7 25.Nhf4 d4 26.e4 Bxh4 27.Ne5 Rxe5 28.b4 
Ne6 29.bxc5 Nxc5 30.Rh3 Ne6 31.Qh1 Bg5 32.Nd3 Rb5 
33.Qf1 Rb1+ 34.Nc1 Rc8 35.Kd1 Qc7 36.Qd3 Rxc1+ 
37.Ke2 Nf4+ 38.Kf3 Nxd3 39.Ke2 Nf4+ 40.Kf3 Nxh3 
41.Bb2 Re1 42.d3 Qf4+ 43.Kg2 Qxg4+ 44.Kh2 
Bf4+ 0-1

[Event "HCL-B276"]
[Site "www.playchess.de"]
[Date "2001.04.25"]
[Round "14"]
[White "guanzi"]
[Black "CHARON"]
[WhiteElo "1427"]
[BlackElo "1557"]
[PlyCount "68"]
[Result "0-1"]

1.e4 e5 2.Nf3 {Hello CHARON!}  Nc6 3.Bc4 Bc5 4.c3 
Nf6 5.Ng5 d5 6.exd5 Nxd5 7.Ne4 Bb6 8.O-O O-O 9.d3 
Bf5 10.Bg5 f6 11.Bh4 Na5 12.Bb3 Nxb3 13.Qxb3 Be6 
14.Qd1 Nf4 15.d4 exd4 16.cxd4 Qxd4 17.Qxd4 Bxd4 
18.Nbc3 Bc4 19.Rfe1 Nd3 20.Red1 c5 21.b3 Ba6 22.a3 
f5 23.Be7 fxe4 24.Bxf8 Rxf8 25.Ra2 Bxc3 26.Rc2 Bd4 
27.Rf1 Nxf2 28.Rfxf2 Bxf2+ 29.Rxf2 Rxf2 30.Kxf2 c4 
31.bxc4 Bxc4 32.Ke3 Bd3 33.g3 b5 34.h3 
a5 0-1

[Event "HCL-C272"]
[Site "www.playchess.de"]
[Date "2001.04.25"]
[Round "8"]
[White "bigworm_13"]
[Black "el_Tiburon"]
[WhiteElo "1000"]
[BlackElo "1000"]
[PlyCount "50"]
[Result "0-1"]

1.b3 d5 2.Ba3 Nf6 3.e3 g6 4.Nf3 Bg7 5.Ne5 Nbd7 
6.Nf3 O-O 7.h4 c5 8.Ng5 h6 9.Nf3 Ne4 10.c3 b6 
11.h5 e5 12.hxg6 fxg6 13.Bd3 Ndf6 14.Nxe5 Re8 
15.Nxg6 c4 16.bxc4 Be6 17.f3 dxc4 18.Bc2 Ng3 19.f4 
Bg4 20.Qc1 Nxh1 21.d3 cxd3 22.Bb3+ Kh7 23.Bf7 d2+ 
24.Qxd2 Rxe3+ 25.Qxe3 Qd1+ {sha mat} 
 0-1

[Event "ACL-A148"]
[Site "www.playchess.de"]
[Date "2001.04.25"]
[Round "3"]
[White "ulibear"]
[Black "pierrette"]
[WhiteElo "1362"]
[BlackElo "1500"]
[PlyCount "56"]
[Result "0-1"]

1.d4 Nf6 2.c4 c5 3.d5 b5 4.cxb5 a6 5.e3 {it gives 
me headach, the benko gambit}  g6 6.Nc3 Bg7 7.Bc4 
O-O 8.Nge2 d6 9.O-O {headaches gone away - you no 
chatter? then I'll be quiet}  Nbd7 {my english is 
bad}  10.f4 Nb6 11.b3 {très compliqué :-)}  axb5 
12.Bxb5 Nfxd5 {efectivement}  13.Bc6 {coup pour 
coup :-))}  Nxc3 {!!!}  14.Nxc3 {vrai}  Bxc3 
15.Bxa8 Bxa1 16.Be4 Bg7 {j'ai une piece de plus}  
17.h4 {ca suffit normalement}  Ba6 18.Rf2 e6 19.h5 
d5 20.Bf3 c4 21.hxg6 hxg6 22.Ba3 Re8 23.Bc5 cxb3 
24.Qxb3 {je sais bien, mais j'ai encore espoir}  
Nd7 25.Bb4 {tristesse parmi les blancs :-)}  Qb6 
{reste le pion a2}  26.Rc2 Bc4 27.Qa3 {contre mon 
feeling :-)}  Rb8 28.Bc3 {pas agreable au moment 
:-)}  Qxe3+ 0-1

[Event "HCL-B281"]
[Site "www.playchess.de"]
[Date "2001.04.25"]
[Round "30"]
[White "badplayer"]
[Black "soymilk"]
[WhiteElo "1127"]
[BlackElo "1169"]
[PlyCount "39"]
[Result "1-0"]

1.e4 {hi stephen}  e6 {Hello, have you been 
playing chess long?}  2.d4 {yes since i was 6/7}  
d5 {How old are you now?}  3.e5 {41}  c5 4.c3 Nc6 
5.Nf3 Bd7 6.Be2 f6 7.O-O cxd4 8.cxd4 fxe5 9.dxe5 
Nh6 10.Nc3 Nf7 11.Bd3 Nfxe5 12.Nxe5 Nxe5 13.Re1 
Nxd3 14.Qxd3 Be7 15.Nxd5 exd5 16.Bg5 Rf8 17.Bxe7 
Qxe7 18.Qxd5 Qxe1+ 19.Rxe1+ Kd8 
20.Rd1 1-0

[Event "HCL-C282"]
[Site "www.playchess.de"]
[Date "2001.04.25"]
[Round "4"]
[White "Coney"]
[Black "Nathan"]
[WhiteElo "1167"]
[BlackElo "1000"]
[PlyCount "53"]
[Result "1-0"]

1.e4 e5 {may the best player win}  2.f4 {Yes, Good 
Luck}  d6 3.Nf3 exf4 4.Nc3 Nf6 5.Bc4 Be7 6.d4 O-O 
7.Bxf4 Bg4 8.h3 Bxf3 9.Qxf3 Nc6 {Where are you in 
the UK?}  10.O-O-O {South Wales - You ?}  Nd7 
11.Nd5 a5 {I live in Basingstoke, Hampshire}  
12.Nxe7+ Qxe7 13.Bb5 Nb4 14.a3 Qe6 {Whats up with 
Trodat?}  15.d5 {I was winning, but I thought he 
would play on for a while !!}  Nxd5 16.exd5 Qf5 
17.Bxd7 Qxd7 18.g4 b5 19.h4 b4 20.g5 bxa3 21.Qxa3 
Qb5 22.h5 Qb4 23.Qxb4 axb4 24.Kb1 f5 25.gxf6 Rxf6 
26.Bd2 c5 27.dxc6 1-0

[Event "HCL-A129"]
[Site "www.playchess.de"]
[Date "2001.04.25"]
[Round "3"]
[White "bondegnasker"]
[Black "TUSCARORA"]
[WhiteElo "1655"]
[BlackElo "1700"]
[PlyCount "29"]
[Result "1-0"]

1.d4 {Hi!}  d5 2.c4 e6 3.g3 c6 4.Bg2 f5 5.b3 Nf6 
6.Nf3 Be7 7.O-O O-O 8.Ba3 Nbd7 9.Bxe7 Qxe7 10.Nbd2 
b6 11.Qc2 Ba6 12.Qb2 Ne4 13.Rac1 Rac8 14.b4 Ndf6 
15.Ne5 1-0

[Event "HCL-C281"]
[Site "www.playchess.de"]
[Date "2001.04.25"]
[Round "1"]
[White "hercos"]
[Black "Jozef_De_Meye"]
[WhiteElo "1220"]
[BlackElo "1278"]
[PlyCount "38"]
[Result "0-1"]

1.e4 {Hi. I am a 25 years old electrical 
engineering student from Brazil. What about you ?} 
 e5 {Hello I am 36 year old, my work is cook in 
hospital. Good luck ! k}  2.Nf3 Nc6 3.d4 exd4 
4.Nxd4 Nf6 5.Nxc6 bxc6 6.e5 Ne4 7.Bd3 Nc5 8.Bc4 
{Sprechen Sie Deutsch ?}  Be7 9.O-O O-O 10.Nc3 d5 
11.Be2 Bb7 12.Re1 Re8 13.Bf3 Bg5 14.Bxg5 Qxg5 
15.Qd4 Ne6 16.Qe3 Qxe3 17.Rxe3 Nd4 18.Rc1 Nxf3+ 
19.gxf3 d4 0-1

[Event "HCL-B288"]
[Site "www.playchess.de"]
[Date "2001.04.25"]
[Round "16"]
[White "German04"]
[Black "BELAJ_BOY"]
[WhiteElo "1235"]
[BlackElo "1102"]
[PlyCount "33"]
[Result "1-0"]

1.e4 e5 2.Nf3 Nc6 3.Nc3 a6 4.d4 exd4 5.Nxd4 Bc5 
6.Be3 Nge7 7.Nxc6 Nxc6 8.Bxc5 d6 9.Be3 O-O 10.Qd2 
Be6 11.O-O-O b5 12.h4 b4 13.Nd5 a5 14.h5 h6 15.Kb1 
Qd7 16.Bxh6 gxh6 17.Nf6+ 1-0

[Event "HCL-C287"]
[Site "www.playchess.de"]
[Date "2001.04.25"]
[Round "7"]
[White "Cosmonauta"]
[Black "gordi"]
[WhiteElo "1000"]
[BlackElo "1000"]
[PlyCount "94"]
[Result "0-1"]

1.e4 {Hi}  e5 2.Nf3 Nc6 3.Nc3 Bc5 4.Bc4 Nf6 5.Ng5 
O-O 6.Nd5 Nd4 7.c3 Nxd5 8.Nxf7 Rxf7 9.cxd4 Qf6 
10.f3 c6 11.dxc5 Re7 12.exd5 Qh4+ 13.g3 Qxc4 14.d6 
Re6 15.d3 Qxc5 16.Qe2 Qxd6 17.O-O a5 18.Rd1 a4 
19.Qe3 Ra5 20.Bd2 Qd4 21.Rde1 Qxe3+ 22.Rxe3 Rb5 
23.Bc3 d5 24.Rxe5 Rxe5 25.Bxe5 Rb4 26.Re1 b5 
27.Bc3 Rf4 28.Re8+ Rf8 29.Re5 Rxf3 30.Bb4 Bh3 
31.Re8+ Kf7 32.Rf8+ Ke6 33.Rxf3 d4 34.Rf4 Kd5 
35.Rf7 Be6 36.Rxg7 Bf5 37.Rg5 Ke6 38.Rg8 Bxd3 
39.Rh8 Bf5 40.a3 d3 41.Kf1 c5 42.Bd2 Kd5 43.Kf2 
Kc4 44.Rf8 Be6 45.b4 axb3 46.Be3 b2 47.Rc8 
Bxc8 0-1

[Event "ACL-A158"]
[Site "www.playchess.de"]
[Date "2001.04.25"]
[Round "10"]
[White "bigworm_13"]
[Black "Karen"]
[WhiteElo "1500"]
[BlackElo "1500"]
[PlyCount "60"]
[Result "0-1"]

1.e3 d5 2.g4 Nf6 3.g5 Ne4 4.Nh3 e5 5.Rg1 Be7 6.Qe2 
Bxh3 7.Bxh3 Nxg5 8.Qb5+ c6 9.Qxb7 Nf3+ 10.Kf1 Nxg1 
11.Kxg1 Bh4 12.Qxa8 Qc7 13.b3 Be7 14.d3 O-O 15.a4 
Na6 16.Qxf8+ Bxf8 17.Nd2 Qa5 18.Nf3 Qc5 19.Nxe5 
Qc3 20.Ra2 Qxe5 21.b4 Bd6 22.Bb2 Qxh2+ 23.Kf1 
Qxh3+ 24.Ke2 Qg4+ 25.Kd2 Bxb4+ 26.c3 Qf3 27.Ra1 
Qxf2+ 28.Kc1 Nc5 29.cxb4 Nxd3+ 30.Kb1 
Qxb2+ 0-1

[Event "HCL-A133"]
[Site "www.playchess.de"]
[Date "2001.04.25"]
[Round "11"]
[White "Hubble"]
[Black "Gutovsky"]
[WhiteElo "1584"]
[BlackElo "2100"]
[PlyCount "44"]
[Result "0-1"]

1.e4 c5 2.f4 e5 3.d3 exf4 4.Bxf4 Nf6 5.Nc3 d5 
6.exd5 Nxd5 7.Nxd5 Qxd5 8.Nf3 Be7 9.Be2 O-O 10.O-O 
Nc6 11.Nd2 Qd4+ 12.Kh1 Qxb2 13.Bf3 Nd4 14.Be4 Qxc2 
15.Qh5 f5 16.Bd5+ Be6 17.Bxb7 Rae8 18.Nf3 Qxd3 
19.Ng5 Bxg5 20.Qxg5 Bxa2 21.Bd6 Rf7 22.Bf3 
Nxf3 0-1

[Event "HCL-B299"]
[Site "www.playchess.de"]
[Date "2001.04.25"]
[Round "8"]
[White "lebesgue"]
[Black "Elrond"]
[WhiteElo "1667"]
[BlackElo "1669"]
[PlyCount "65"]
[Result "1/2-1/2"]

1.d4 Nf6 2.Nf3 g6 3.Bf4 Bg7 4.c4 O-O 5.Nc3 d6 6.e4 
Nh5 7.Be3 e5 8.d5 f5 9.Bd3 f4 10.Bd2 Na6 11.Qe2 
Nc5 12.b4 Nxd3+ 13.Qxd3 g5 14.O-O-O a5 15.b5 b6 
16.g3 Qf6 17.Ne1 g4 18.Ng2 f3 19.Nh4 Qf7 20.Rdg1 
Nf6 21.Nd1 h5 22.Ne3 Bh6 23.Nef5 Bxd2+ 24.Kxd2 
Bxf5 25.Nxf5 Nxe4+ 26.Qxe4 Qxf5 27.Qxf5 Rxf5 28.a4 
Kg7 29.h4 e4 30.Rge1 Re8 31.Re3 Kf6 32.Kc3 Rfe5 
33.Rhe1 1/2-1/2

[Event "HCL-B299"]
[Site "www.playchess.de"]
[Date "2001.04.25"]
[Round "16"]
[White "whatsleft2"]
[Black "Ghostdog"]
[WhiteElo "1816"]
[BlackElo "1384"]
[PlyCount "63"]
[Result "1-0"]

1.e4 {goodluck}  c5 2.d4 cxd4 3.c3 dxc3 4.Nxc3 e6 
5.Bc4 Bb4 6.Nf3 Bxc3+ 7.bxc3 Nf6 8.e5 Ne4 9.Qc2 d5 
10.Bb5+ Bd7 11.Bd3 Bc6 12.Bxe4 dxe4 13.Nd4 Qd5 
14.O-O Qxe5 15.Ba3 Qd5 16.Rad1 Qc4 17.Qd2 Bd5 
18.Rdb1 a6 19.Qg5 Kd7 20.Qxg7 Qxa2 21.Rba1 Qc4 
22.Qxh8 Qxc3 23.Qe5 Qc7 24.Qxc7+ Kxc7 25.Rfc1+ Kd8 
26.Rc3 Nd7 27.Rh3 Nf6 28.Rh6 e5 29.Nf5 Nd7 30.Rc1 
Rc8 31.Rxc8+ Kxc8 32.Ne7+ 1-0

[Event "HCL-C292"]
[Site "www.playchess.de"]
[Date "2001.04.25"]
[Round "8"]
[White "guigao"]
[Black "Averroes"]
[WhiteElo "1450"]
[BlackElo "1000"]
[PlyCount "27"]
[Result "1-0"]

1.e4 e5 {Buenos días}  2.Nf3 Nc6 3.Bb5 a6 4.Ba4 
Nf6 5.d3 b5 6.Bb3 Bc5 7.Bg5 Nd4 {Sorry, I couldn't 
conect earlier}  8.Nxd4 Bxd4 9.c3 Bxf2+ 10.Kxf2 d5 
11.Bxd5 Ra7 12.Ke1 Qd6 13.Bxf6 Qxf6 
14.Rf1 1-0

[Event "HCL-C291"]
[Site "www.playchess.de"]
[Date "2001.04.25"]
[Round "11"]
[White "waspranger"]
[Black "Tai"]
[WhiteElo "1259"]
[BlackElo "1000"]
[PlyCount "21"]
[Result "1-0"]

1.c4 e5 2.Nc3 Nc6 3.e3 Nf6 4.Nf3 d6 5.d4 Be7 6.Bd3 
b6 7.d5 Nb4 8.Qa4+ c6 9.Qxb4 O-O 10.Qb3 Ba6 
11.dxc6 1-0

[Event "HCL-C291"]
[Site "www.playchess.de"]
[Date "2001.04.25"]
[Round "12"]
[White "Tai"]
[Black "fossa"]
[WhiteElo "1000"]
[BlackElo "951"]
[PlyCount "20"]
[Result "0-1"]

1.e4 e6 2.Nf3 c5 3.Nc3 Nc6 4.d4 cxd4 5.Nxd4 Nxd4 
6.Qxd4 b6 7.f4 Bc5 8.Qe5 f6 9.Qh5+ g6 10.Qh4 
Bb7 0-1

[Event "ACL-A161"]
[Site "www.playchess.de"]
[Date "2001.04.25"]
[Round "13"]
[White "showgun"]
[Black "Zynaps"]
[WhiteElo "1099"]
[BlackElo "1822"]
[PlyCount "48"]
[Result "0-1"]

1.g3 e5 2.Bg2 d5 3.e4 c6 4.h3 dxe4 5.Bxe4 Nf6 
6.Bg2 Bd6 7.d3 O-O 8.Nf3 Bf5 9.O-O Nbd7 10.Nh2 Nb6 
11.g4 Be6 12.g5 Nfd5 13.a3 f6 14.c4 Nf4 15.Bxf4 
exf4 16.Nc3 fxg5 17.Ng4 f3 18.Bxf3 h5 19.Nh2 Qc7 
20.Bd5 Bxh2+ 21.Kh1 cxd5 22.Qe2 Bxh3 23.Rfe1 Bg4 
24.f3 Bxf3+ 0-1

[Event "HCL-B306"]
[Site "www.playchess.de"]
[Date "2001.04.25"]
[Round "8"]
[White "cathy_49"]
[Black "lonewolf"]
[WhiteElo "1200"]
[BlackElo "1661"]
[PlyCount "60"]
[Result "0-1"]

1.d4 Nf6 2.Nc3 d5 3.e3 Nc6 4.Nf3 a6 5.Be2 Bf5 
6.Ng5 e6 7.O-O Be7 8.Bh5 Nxh5 9.Nxf7 Kxf7 10.Qxh5+ 
Bg6 11.Qf3+ Bf6 12.Ne2 Bxc2 13.Bd2 Be4 14.Qf4 Qd6 
15.f3 Bd3 16.Rae1 Qxf4 17.exf4 Nxd4 18.Rf2 Nxe2+ 
19.Kh1 Nd4 20.Be3 c5 21.Rd1 c4 22.Rc1 Rhc8 23.g4 
Ne2 24.Re1 d4 25.Rexe2 Bxe2 26.Rxe2 dxe3 27.Rxe3 
Bxb2 28.h4 c3 29.Re5 c2 30.f5 c1Q+ {%} 
 0-1

[Event "HCL-C294"]
[Site "www.playchess.de"]
[Date "2001.04.25"]
[Round "24"]
[White "JRockne"]
[Black "Wee_Doogie"]
[WhiteElo "814"]
[BlackElo "1478"]
[PlyCount "46"]
[Result "0-1"]

1.e4 e5 2.Nf3 Nc6 3.Bc4 Bc5 4.c3 Nf6 5.Ng5 d5 
6.Bb3 Nxe4 7.Nxe4 dxe4 8.Qe2 Bf5 9.Bc2 Qd5 10.Bb3 
Qd3 11.Bc4 Qxe2+ 12.Bxe2 h5 13.Na3 Bxa3 14.bxa3 
O-O-O 15.O-O Be6 16.Re1 f5 17.f3 exf3 18.Bxf3 e4 
19.Bxe4 fxe4 20.Rxe4 Bd5 21.Re2 Rde8 22.Rf2 Bc4 
23.d4 Re1+ 0-1

[Event "HCL-A141"]
[Site "www.playchess.de"]
[Date "2001.04.25"]
[Round "4"]
[White "Nils"]
[Black "mats"]
[WhiteElo "1753"]
[BlackElo "1700"]
[PlyCount "48"]
[Result "0-1"]

1.e4 c5 2.Nf3 Nc6 3.Bc4 e6 4.Nc3 Be7 5.d4 cxd4 
6.Nxd4 d6 7.O-O Nf6 8.Be3 O-O 9.Qe2 d5 10.Rad1 Ne5 
11.Bb3 Bb4 12.Bg5 Bxc3 13.bxc3 Ng6 14.Rfe1 h6 
15.Bxf6 Qxf6 16.exd5 Nf4 17.Qf3 exd5 18.Bxd5 Nxd5 
19.Qxd5 Rb8 20.Qc5 b6 21.Qe5 Qxe5 22.Rxe5 f6 
23.Re7 Rb7 24.Re3 Bg4 0-1

[Event "HCL-A128"]
[Site "www.playchess.de"]
[Date "2001.04.25"]
[Round "1"]
[White "Nils"]
[Black "Bauernopfer"]
[WhiteElo "1753"]
[BlackElo "1416"]
[PlyCount "66"]
[Result "0-1"]

1.e4 e5 2.Nf3 Nc6 3.Bb5 a6 4.Bxc6 dxc6 5.Nc3 Bg4 
6.h3 Bxf3 7.Qxf3 f6 8.d3 Bb4 9.Bd2 Ne7 10.Qg3 g6 
11.a3 Bxc3 12.Bxc3 O-O 13.h4 Qd6 14.h5 b6 15.hxg6 
Nxg6 {Der dir scheint ja der Spielwahn 
ausgebrochen zu sein. Du trägst dich ja in jedes 
Turnier ein.}  16.O-O-O Rad8 {.}  17.Rh6 Rf7 
18.Rdh1 Rg7 19.Qh2 Nf4 20.Rxh7 Rxg2 21.Qh4 Ng6 
22.Qh3 Nf4 23.Qf5 Ng6 {Na denn frohe Ostern.}  
24.f4 Kf8 {.}  25.fxe5 Nxe5 26.Bxe5 Qxe5 27.R7h8+ 
Rg8 28.Rxg8+ Kxg8 29.Qh7+ Kf8 30.Qh8+ Ke7 31.Rh7+ 
Ke6 32.Qxd8 Qg5+ 33.Kd1 Qg4+ 0-1

[Event "HCL-A137"]
[Site "www.playchess.de"]
[Date "2001.04.25"]
[Round "3"]
[White "Nils"]
[Black "Tinho"]
[WhiteElo "1753"]
[BlackElo "1814"]
[PlyCount "34"]
[Result "0-1"]

1.e4 c5 2.Nf3 d6 3.d4 cxd4 4.Nxd4 Nf6 5.Nc3 a6 
6.Be2 e5 7.Nf3 h6 8.O-O Be7 9.Qd3 Be6 10.Rd1 Nbd7 
11.a4 Nc5 12.Qe3 Ng4 13.Qd2 Nf6 14.a5 Nfxe4 
15.Nxe4 Nxe4 16.Qb4 Nc5 17.Nxe5 
Qc7 0-1

[Event "HCL-A141"]
[Site "www.playchess.de"]
[Date "2001.04.25"]
[Round "7"]
[White "LUPES"]
[Black "Nils"]
[WhiteElo "1817"]
[BlackElo "1753"]
[PlyCount "43"]
[Result "1-0"]

1.e4 e5 2.Bc4 Nf6 3.Nc3 Nc6 4.Nf3 Bc5 5.d3 O-O 
6.Bg5 Be7 7.O-O a6 8.a3 b5 9.Ba2 Bb7 10.Ne2 d5 
11.Bxf6 Bxf6 12.Bxd5 Qd7 13.Ng3 Rfd8 14.Nh5 Qd6 
15.Nxf6+ Qxf6 16.Qd2 Rd7 17.h3 Rb8 18.c3 Na5 
19.Bxb7 Nxb7 20.d4 c5 21.dxe5 Rxd2 
22.exf6 1-0

[Event "HCL-A137"]
[Site "www.playchess.de"]
[Date "2001.04.25"]
[Round "5"]
[White "RB"]
[Black "Nils"]
[WhiteElo "2101"]
[BlackElo "1753"]
[PlyCount "61"]
[Result "1-0"]

1.e4 e5 2.Nf3 Nc6 3.Bb5 Bc5 4.O-O Nf6 5.Re1 Ng4 
6.Rf1 Nf6 7.c3 a6 8.Ba4 b5 9.Bb3 Nxe4 10.Qe2 d5 
11.a4 b4 12.d3 Nf6 13.d4 Bb6 14.Nxe5 Qe7 15.Bg5 
bxc3 16.bxc3 Nxd4 17.cxd4 Bxd4 18.Re1 O-O 19.Ra2 
Re8 20.Bxd5 Qxe5 21.Bxf6 gxf6 22.Bxa8 Bf5 23.Bf3 
Bxf2+ 24.Kxf2 Qd4+ 25.Kf1 Bd3 26.Nd2 Bxe2+ 27.Rxe2 
Re6 28.Ne4 f5 29.Nf2 Qf4 30.Rac2 Qxa4 
31.Rxe6 1-0

[Event "HCL-A132"]
[Site "www.playchess.de"]
[Date "2001.04.25"]
[Round "3"]
[White "Nils"]
[Black "Alejandro"]
[WhiteElo "1753"]
[BlackElo "1900"]
[PlyCount "22"]
[Result "0-1"]

1.e4 e6 2.d4 d5 3.e5 c5 4.Nf3 Qb6 5.Nc3 Bd7 6.Be2 
cxd4 7.Qxd4 Qxd4 8.Nxd4 Nc6 9.Ncb5 Nxd4 10.Nxd4 
Ne7 11.Bf4 a6 0-1

[Event "HCL-A128"]
[Site "www.playchess.de"]
[Date "2001.04.25"]
[Round "4"]
[White "Nils"]
[Black "countdown"]
[WhiteElo "1753"]
[BlackElo "2101"]
[PlyCount "30"]
[Result "0-1"]

1.e4 e5 2.Nf3 Nc6 3.Bb5 a6 4.Bxc6 dxc6 5.Nc3 f6 
6.d3 Bd6 7.Qe2 Bg4 8.Bd2 Qd7 9.h3 Bh5 10.g4 Bf7 
11.O-O-O O-O-O 12.d4 exd4 13.Nxd4 Ne7 14.Be3 Qe8 
15.Qf3 Be5 0-1

[Event "HCL-A128"]
[Site "www.playchess.de"]
[Date "2001.04.25"]
[Round "15"]
[White "bundori"]
[Black "jimmyaaa"]
[WhiteElo "1716"]
[BlackElo "2150"]
[PlyCount "27"]
[Result "1/2-1/2"]

1.c4 Nf6 2.Nc3 e6 3.e4 d6 4.g3 b6 5.Bg2 Bb7 6.Nge2 
Nbd7 7.O-O Be7 8.d3 e5 9.f4 c5 10.f5 Nb8 11.h3 Nc6 
12.g4 h6 13.Be3 Nd4 14.Ng3 1/2-1/2

[Event "HCL-A142"]
[Site "www.playchess.de"]
[Date "2001.04.25"]
[Round "4"]
[White "Nils"]
[Black "Steinar"]
[WhiteElo "1753"]
[BlackElo "1900"]
[PlyCount "28"]
[Result "0-1"]

1.e4 e5 {good luck!}  2.Nf3 Nf6 3.Nxe5 d6 4.Nf3 
Nxe4 5.d3 Nf6 6.Be2 Be7 {Are we going for some 
kind of record, here? :)}  7.O-O O-O 8.Re1 d5 9.d4 
Re8 10.Bf4 Bd6 11.Ne5 c5 12.Bb5 Re6 13.dxc5 Bxc5 
14.Nc3 a6 0-1